000 00690nam a22002417a 4500
003 UA-OsUOA
001 90416
007 ta
008 20121116b un ||||| |||| 00| 0 ukr d
100 _aМ'ястківський А.
090 _a821.161.2
_bМ99
942 _cBK
040 _aUA-OsUOA
_bukr
_cUA-OsUOA
_dUA-OsUOA
245 _aПісля п'яного дощу
_bсатиричні та ліричні оповідки
300 _a280 с.
955 _a3
041 _aukr
080 _a821.161.2
020 _a5-7720-0353-4
260 _aК.
_bМолодь
_c1989
650 7 _a82 Література. Літературознавство
_2UDC
999 _c376426
_d376426